تحميل...
2001 census as social document /
| المؤلف الرئيسي: | |
|---|---|
| التنسيق: | Printed Book |
| اللغة: | English |
| منشور في: |
New Delhi:
Anmol,
2001.
|
| الطبعة: | 1st. |
| الموضوعات: |
| LEADER | 00581cam a2200205ua 4500 | ||
|---|---|---|---|
| 008 | 060815t2001||||||||||| 00 ||eng c | ||
| 020 | |a 81-261-1011-2 | ||
| 041 | 0 | |a eng | |
| 082 | |a 363.9 |b KUM/T | ||
| 100 | 0 | |a Kumar,, A. | |
| 245 | 1 | 0 | |a 2001 census as social document / |
| 250 | |a 1st. | ||
| 260 | |a New Delhi: |b Anmol, |c 2001. | ||
| 300 | |a viii,230p.. | ||
| 362 | 1 | |a 2001. | |
| 365 | |a Rs.500/- |e HB | ||
| 650 | 0 | |a Census - 2001 | |
| 942 | |c BK | ||
| 999 | |c 238 |d 238 | ||
| 952 | |0 0 |1 0 |4 0 |6 363_900000000000000_KUM |7 0 |9 256 |a KUCL |b KUCL |d 2014-05-23 |l 0 |o 363.9 KUM/ |p 09642 |r 2014-05-23 |w 2014-05-23 |y BK | ||